Riconosci lo Stadio italiano del satellite - Quiz n°2 - Statistics

Statistiche generali
  • Questo quiz è stato fatto 16 volte
  • Il punteggio medio è 9 su 12
Statistiche sulle risposte
con Immagini Risposta % Corretto
Stadio Arechi - Salerno
93%
Stadio Olimpico - Roma
93%
Stadio Ciro Vigorito - Benevento
87%
Stadio Friuli - Udine
87%
Stadio Mario Rigamonti - Brescia
87%
Stadio Pier Luigi Penzo - Venezia
87%
Stadio Romeo Menti - Vicenza
87%
Gewiss Stadium - Bergamo
80%
Stadio Giovanni Zini - Cremona
80%
Stadio Nereo Rocco - Trieste
73%
Stadio Alberto Braglia - Modena
47%
Stadio Gaetano Bonolis - Teramo
27%
Nessun quiz corrispondente trovato
Distribuzione punteggi
Percentuale di utenti per punteggio
Percentile per numero di risposta
I tuoi punteggi nel tempo
Non hai fatto questo quiz